000 01426nam0a2200337 4500
001 RU\NLR\bibl\1760147
005 20250616123823.0
010 _a978-5-7743-0400-4
_9300
021 _aRU
_b2011-22347
_91580
035 _a(NLR Aleph) 001750965
090 _a1518543
_c1518543
100 _a20110418d2010 |||y0rusy50 ca
101 0 _arus
102 _aRU
105 _ay |||||||||
200 1 _aПрактикум по правовой превентивной психологии
_eкурс лекций
_fД.В. Пестриков, И.В. Михалева, Г.К. Корнеева
_gФедерал. служба исполнения наказаний, Акад. права и упр.
210 _aРязань
_cАкадемия ФСИН России
_d2010
215 _a155 с.
_d21
320 _aБиблиогр. в конце лекций
606 1 _aЮридическая психология
_jУчебные издания
_91786589
_3RU\NLR\auth\66803599
686 _aЮ947я7
700 1 _aПестриков
_bД. В.
_gДенис Викторович
_4070
701 1 _aМихалева
_bИ. В.
_gИрина Владимировна
_4070
701 1 _aКорнеева
_bГ. К.
_gГалина Константиновна
_4070
801 0 _aRU
_bNLR
_c20110418
_gRCR
801 1 _aRU
_bNLR
_c20110418
830 _aавт. по кн.
942 _cBOOK
980 _aNB
980 _aNBR